| 000 | 00907nam a2200205Ia 4500 | ||
|---|---|---|---|
| 008 | 0000002003 pr a 0000000000spa00 | ||
| 090 | _aPPR00 R62pt | ||
| 100 | 1 | _aRodríguez Vega, Myrna | |
| 245 | 1 | 0 |
_aPoli Marichal _b: tropico fecundo _c/ Myrna Rodríguez Vega |
| 300 |
_a1 plegable [10] p. _c/ 19 cm. |
||
| 500 | _aExposición realizada en octubre de 2003 en la Galería La Pintadera de San Juan de Puerto Rico \ Incluye datos biográficos de la artista | ||
| 505 | _aOBRAS: Los frutos de la tierra Marasmo Tr•pico fecundo Esperanza Fe Caridad Depredadores | ||
| 600 | 0 | 0 |
_a MARICHAL, POLI, 1955/ _xTRABAJOS PICTORICOS |
| 650 | 1 | 4 | _a PINTURA PUERTORRIQUEÑA |
| 650 | 1 | 4 | _aARTE MODERNO PUERTORRIQUEÑO |
| 650 | 1 | 4 | _aARTISTAS PLASTICOS PUERTORRIQUEÑOS |
| 650 | 1 | 4 | _xCATALOGOS |
| 650 | 1 | 4 | _xEXPOSICIONES |
| 999 |
_c13741 _d13741 |
||
| 260 |
_aSan Juan [Puerto Rico] : Galería La Pintadera _c2003 |
||